[Event "Bunratty Classic 2015"]
[Site "Bunratty IRL"]
[Date "2015.02.18"]
[Round "1.1"]
[White "Thorfinnsson, Bjorn"]
[Black "Thorfinnsson, Bragi"]
[Result "1/2-1/2"]
[WhiteTitle "IM"]
[BlackTitle "IM"]
[WhiteElo "2373"]
[BlackElo "2432"]
[WhiteNationality "ISL"]
[BlackNationality "ISL"]
[WhiteFideId "2300982"]
[BlackFideId "2300958"]
[PlyCount "29"]
[FIDETournamentId "105401"]
[EventDate "2015.02.18"]
[Source "Live boards"]
[WhiteFullName "&#222;orfinnsson, Bj&ouml;rn"]
[BlackFullName "&#222;orfinnsson, Bragi"]

{ Source: Live boards. } { Reference: <a
href="http://www.irlchess.com/bunrattyclassic2015_allfiles/pairings_bunrattyclassic2015.html">Tournament
report</a>. }

1. c4 c5 2. g3 Nf6 3. Bg2 g6 4. Nf3 Bg7 5. O-O Nc6 6. Nc3 O-O 7. d4 cxd4 8.
Nxd4 Qa5 9. Nb3 Qh5 10. e4 Qxd1 11. Rxd1 d6 12. h3 Be6 13. Nd5 Nd7 14. Rb1
Rac8 15. Be3 1/2-1/2

[Event "Bunratty Classic 2015"]
[Site "Bunratty IRL"]
[Date "2015.02.18"]
[Round "1.2"]
[White "D'Costa, Lorin"]
[Black "Tan, Justin"]
[Result "1/2-1/2"]
[WhiteTitle "IM"]
[BlackTitle "FM"]
[WhiteElo "2430"]
[BlackElo "2383"]
[WhiteNationality "ENG"]
[BlackNationality "AUS"]
[WhiteFideId "409219"]
[BlackFideId "3206882"]
[PlyCount "64"]
[FIDETournamentId "105401"]
[EventDate "2015.02.18"]
[Source "Live boards"]

{ Source: Live boards. } { Reference: <a
href="http://www.irlchess.com/bunrattyclassic2015_allfiles/pairings_bunrattyclassic2015.html">Tournament
report</a>. }

1. c4 c6 2. g3 d5 3. Bg2 Nf6 4. Nf3 Bg4 5. Ne5 Bf5 6. cxd5 cxd5 7. Nc3 Nc6
8. Nxc6 bxc6 9. d3 Qd7 10. Qa4 e5 11. O-O Rb8 12. e4 Be6 13. Qc2 Be7 14.
Na4 c5 15. Nxc5 Qc6 16. Qa4 Bd7 17. Qxc6 Bxc6 18. exd5 Nxd5 19. Nb3 O-O 20.
Na5 Ba8 21. Nc4 f6 22. Be3 a6 23. Rfd1 Rfd8 24. Rac1 Nb4 25. Bxa8 Rxa8 26.
Nb6 Rab8 27. Rc7 Bd6 28. Ra7 Nxa2 29. Rxa6 Nb4 30. Ra7 Nc6 31. Raa1 Bf8 32.
Kf1 Nb4 1/2-1/2

[Event "Bunratty Classic 2015"]
[Site "Bunratty IRL"]
[Date "2015.02.18"]
[Round "1.3"]
[White "Williams, Simon"]
[Black "Trent, Lawrence"]
[Result "0-1"]
[WhiteTitle "GM"]
[BlackTitle "IM"]
[WhiteElo "2434"]
[BlackElo "2470"]
[WhiteNationality "ENG"]
[BlackNationality "ENG"]
[WhiteFideId "404454"]
[BlackFideId "408638"]
[PlyCount "96"]
[FIDETournamentId "105401"]
[EventDate "2015.02.18"]
[Source "Live boards"]

{ Source: Live boards. } { Reference: <a
href="http://www.irlchess.com/bunrattyclassic2015_allfiles/pairings_bunrattyclassic2015.html">Tournament
report</a>. }

1. d4 Nf6 2. Nf3 g6 3. Bg5 Bg7 4. Nbd2 O-O 5. c3 d6 6. e4 c5 7. d5 h6 8.
Bh4 Nh5 9. Bg3 Nd7 10. a4 Ndf6 11. Nh4 e6 12. dxe6 Bxe6 13. Be2 Nxg3 14.
hxg3 d5 15. exd5 Qxd5 16. Nc4 Rad8 17. Qxd5 Nxd5 18. O-O Bxc3 19. bxc3 Nxc3
20. Bf3 Bxc4 21. Rfc1 Rd3 22. Ra3 Rxf3 23. Raxc3 Rxc3 24. Rxc3 Be6 25. Rxc5
Rc8 26. Ra5 Rc1+ 27. Kh2 a6 28. Re5 Bd7 29. a5 Rf1 30. f4 Bc6 31. Re3 Ra1
32. Re5 Rf1 33. Re3 Kf8 34. Nf3 Ra1 35. Re5 Ra2 36. Kh3 f6 37. Rc5 Ke7 38.
f5 Kd6 39. Rc3 Bxf3 40. Rxf3 Rxa5 41. fxg6 Rh5+ 42. Kg4 Rg5+ 43. Kh4 Rxg6
44. Kh5 Rg5+ 45. Kxh6 Ke6 46. Rb3 Rb5 47. Re3+ Kf7 48. Kh7 Rh5# 0-1

[Event "Bunratty Classic 2015"]
[Site "Bunratty IRL"]
[Date "2015.02.18"]
[Round "1.4"]
[White "Collins, Sam"]
[Black "Maze, Sebastien"]
[Result "1/2-1/2"]
[WhiteTitle "IM"]
[BlackTitle "GM"]
[WhiteElo "2488"]
[BlackElo "2585"]
[WhiteICU "2477"]
[WhiteClub "Gonzaga"]
[WhiteNationality "IRL"]
[BlackNationality "FRA"]
[WhiteFideId "2501198"]
[BlackFideId "613762"]
[WhiteICUId "4564"]
[PlyCount "52"]
[FIDETournamentId "105401"]
[EventDate "2015.02.18"]
[Source "Live boards"]
[BlackFullName "Maz&eacute;, S&eacute;bastien"]

{ Source: Live boards. } { Reference: <a
href="http://www.irlchess.com/bunrattyclassic2015_allfiles/pairings_bunrattyclassic2015.html">Tournament
report</a>. }

1. e4 d6 2. d4 Nf6 3. Nc3 e5 4. Nf3 Nbd7 5. Bc4 Be7 6. O-O O-O 7. Re1 c6 8.
a4 b6 9. d5 Bb7 10. dxc6 Bxc6 11. Bg5 Rc8 12. Bxf6 Nxf6 13. Qe2 Qc7 14. Bb3
g6 15. Nd2 Rfd8 16. Nc4 Nxe4 17. Nxe4 Bxe4 18. Qxe4 d5 19. Qxe5 dxc4 20.
Qxe7 cxb3 21. cxb3 Qxe7 22. Rxe7 Rd2 23. Rxa7 Rcc2 24. Rf1 Rxb2 25. a5 bxa5
26. Rxa5 Rxb3 1/2-1/2

[Event "Bunratty Classic 2015"]
[Site "Bunratty IRL"]
[Date "2015.02.18"]
[Round "1.5"]
[White "Hunt, Adam"]
[Black "Galego, Luis"]
[Result "1/2-1/2"]
[WhiteTitle "IM"]
[BlackTitle "GM"]
[WhiteElo "2428"]
[BlackElo "2461"]
[WhiteNationality "ENG"]
[BlackNationality "POR"]
[WhiteFideId "403970"]
[BlackFideId "1900072"]
[PlyCount "48"]
[FIDETournamentId "105401"]
[EventDate "2015.02.18"]
[Source "Live boards"]
[BlackFullName "Galego, Lu&iacute;s"]

{ Source: Live boards. } { Reference: <a
href="http://www.irlchess.com/bunrattyclassic2015_allfiles/pairings_bunrattyclassic2015.html">Tournament
report</a>. }

1. e4 d5 2. exd5 Qxd5 3. Nc3 Qd6 4. d4 Nf6 5. Nf3 a6 6. g3 Bg4 7. h3 Bxf3
8. Qxf3 c6 9. Be3 e6 10. O-O-O Nd5 11. Ne4 Qc7 12. Bd2 b5 13. Bd3 Nd7 14.
Rhe1 Be7 15. h4 h6 16. Qg4 Kf8 17. Qf3 Rc8 18. Nc3 Kg8 19. Kb1 Bf6 20. Nxd5
cxd5 21. Bf4 Qc6 22. Be5 Bxe5 23. dxe5 Nc5 24. h5 Rc7 1/2-1/2

[Event "Bunratty Classic 2015"]
[Site "Bunratty IRL"]
[Date "2015.02.19"]
[Round "2.1"]
[White "Tan, Justin"]
[Black "Thorfinnsson, Bjorn"]
[Result "0-1"]
[WhiteTitle "FM"]
[BlackTitle "IM"]
[WhiteElo "2383"]
[BlackElo "2373"]
[WhiteNationality "AUS"]
[BlackNationality "ISL"]
[WhiteFideId "3206882"]
[BlackFideId "2300982"]
[PlyCount "62"]
[FIDETournamentId "105401"]
[EventDate "2015.02.18"]
[Source "Live boards"]
[BlackFullName "&#222;orfinnsson, Bj&ouml;rn"]

{ Source: Live boards. } { Reference: <a
href="http://www.irlchess.com/bunrattyclassic2015_allfiles/pairings_bunrattyclassic2015.html">Tournament
report</a>. }

1. e4 e5 2. Nf3 Nc6 3. Bb5 Nge7 4. c3 d5 5. Nxe5 dxe4 6. Qe2 Be6 7. d4 exd3
8. Nxd3 Ng6 9. O-O Qd7 10. Be3 a6 11. Ba4 O-O-O 12. Rd1 Bc4 13. Bc2 Bd6 14.
b3 Bxd3 15. Bxd3 Rhe8 16. Bc2 f5 17. Qh5 Nge7 18. Na3 g6 19. Qh4 Qe6 20. b4
f4 21. Bxf4 Bxf4 22. Rxd8+ Rxd8 23. Qxf4 Nd5 24. Qc4 b5 25. Qe4 Qf6 26. Rd1
Nxc3 27. Qg4+ Kb8 28. Rxd8+ Qxd8 29. h3 Qd2 30. Qe6 Ne2+ 31. Kh1 Qe1+ 0-1

[Event "Bunratty Classic 2015"]
[Site "Bunratty IRL"]
[Date "2015.02.19"]
[Round "2.2"]
[White "Thorfinnsson, Bragi"]
[Black "Trent, Lawrence"]
[Result "0-1"]
[WhiteTitle "IM"]
[BlackTitle "IM"]
[WhiteElo "2432"]
[BlackElo "2470"]
[WhiteNationality "ISL"]
[BlackNationality "ENG"]
[WhiteFideId "2300958"]
[BlackFideId "408638"]
[PlyCount "86"]
[FIDETournamentId "105401"]
[EventDate "2015.02.18"]
[Source "Live boards"]
[WhiteFullName "&#222;orfinnsson, Bragi"]

{ Source: Live boards. } { Reference: <a
href="http://www.irlchess.com/bunrattyclassic2015_allfiles/pairings_bunrattyclassic2015.html">Tournament
report</a>. }

1. Nf3 g6 2. d4 Nf6 3. g3 Bg7 4. Bg2 O-O 5. O-O d6 6. c4 Nc6 7. Nc3 a6 8.
Bf4 Rb8 9. Rc1 h6 10. Nd5 Ne8 11. Qd2 g5 12. Be3 e6 13. Nc3 Ne7 14. h4 f6
15. Qd3 b5 16. cxb5 axb5 17. b4 d5 18. Bd2 g4 19. Nh2 f5 20. f3 gxf3 21.
exf3 Nd6 22. Rfe1 Nc4 23. a4 bxa4 24. Nxa4 Nxd2 25. Qxd2 Qd6 26. Nc5 Nc6
27. f4 Nxd4 28. Nf3 Nxf3+ 29. Bxf3 c6 30. Nd3 Rf7 31. Rc2 Bf6 32. Kh2 Rg7
33. Qe3 Kh7 34. Kh3 Bd7 35. Nc5 Rbg8 36. Rg2 Bc8 37. Qd3 e5 38. fxe5 Bxe5
39. g4 Kh8 40. Reg1 fxg4+ 41. Bxg4 Rxg4 42. Rxg4 h5 43. Nb7 hxg4+ 0-1

[Event "Bunratty Classic 2015"]
[Site "Bunratty IRL"]
[Date "2015.02.19"]
[Round "2.3"]
[White "D'Costa, Lorin"]
[Black "Maze, Sebastien"]
[Result "0-1"]
[WhiteTitle "IM"]
[BlackTitle "GM"]
[WhiteElo "2430"]
[BlackElo "2585"]
[WhiteNationality "ENG"]
[BlackNationality "FRA"]
[WhiteFideId "409219"]
[BlackFideId "613762"]
[PlyCount "100"]
[FIDETournamentId "105401"]
[EventDate "2015.02.18"]
[Source "Live boards"]
[BlackFullName "Maz&eacute;, S&eacute;bastien"]

{ Source: Live boards. } { Reference: <a
href="http://www.irlchess.com/bunrattyclassic2015_allfiles/pairings_bunrattyclassic2015.html">Tournament
report</a>. }

1. c4 g6 2. g3 Bg7 3. Bg2 d6 4. Nc3 Nc6 5. e4 e5 6. Nge2 Nge7 7. d3 Be6 8.
Be3 h5 9. h4 Nd4 10. Qd2 c6 11. O-O Qd7 12. b4 O-O 13. b5 Rac8 14. Rab1 Bg4
15. f3 Be6 16. f4 Bg4 17. bxc6 bxc6 18. Rf2 Rb8 19. Rbf1 f5 20. Kh2 Rb7 21.
Ng1 Rfb8 22. Nh3 Bxh3 23. Bxh3 Nf3+ 24. Rxf3 Rb2 25. Nd1 Rxd2+ 26. Bxd2 Bh6
27. R1f2 d5 28. cxd5 cxd5 29. exf5 e4 30. fxg6 Qa4 31. Nc3 Qd4 32. dxe4
dxe4 33. Re3 Rb2 34. Ree2 Rxd2 35. Rxd2 Qxc3 36. Rd8+ Bf8 37. f5 Nc6 38.
Rc8 Qd4 39. Rc2 Ne5 40. Kg2 Nf3 41. Rf2 Qd6 42. Re8 Qc6 43. Re6 Qd5 44. f6
Nd4 45. Re8 e3+ 46. Kh2 exf2 47. g7 Nf3+ 48. Kg2 f1=Q+ 49. Kxf1 Qb5+ 50.
Re2 Nd4 0-1

[Event "Bunratty Classic 2015"]
[Site "Bunratty IRL"]
[Date "2015.02.19"]
[Round "2.5"]
[White "Collins, Sam"]
[Black "Hunt, Adam"]
[Result "1/2-1/2"]
[WhiteTitle "IM"]
[BlackTitle "IM"]
[WhiteElo "2488"]
[BlackElo "2428"]
[WhiteICU "2477"]
[WhiteClub "Gonzaga"]
[WhiteNationality "IRL"]
[BlackNationality "ENG"]
[WhiteFideId "2501198"]
[BlackFideId "403970"]
[WhiteICUId "4564"]
[PlyCount "88"]
[FIDETournamentId "105401"]
[EventDate "2015.02.18"]
[Source "Live boards"]

{ Source: Live boards. } { Reference: <a
href="http://www.irlchess.com/bunrattyclassic2015_allfiles/pairings_bunrattyclassic2015.html">Tournament
report</a>. }

1. e4 c5 2. Nf3 d6 3. Bb5+ Bd7 4. Bxd7+ Qxd7 5. O-O Nf6 6. e5 dxe5 7. Nxe5
Qc8 8. Qf3 Nbd7 9. Nc4 e6 10. a4 Be7 11. b3 Nd5 12. Bb2 O-O 13. Nc3 Nxc3
14. Bxc3 Qc7 15. d4 Bf6 16. Rad1 Rfd8 17. h3 h6 18. Rfe1 cxd4 19. Bxd4 Bxd4
20. Rxd4 Nf6 21. Red1 Rxd4 22. Rxd4 Nd5 23. Rd2 Rd8 24. Qe4 b6 25. Qd4 Rc8
26. Ne3 Nxe3 27. Qxe3 Rd8 28. c4 Rxd2 29. Qxd2 Qe5 30. Qd8+ Kh7 31. Qd3+ g6
32. g3 Kg7 33. h4 g5 34. hxg5 hxg5 35. Kg2 g4 36. Qc2 Kf6 37. Qh7 Qe2 38.
Qh8+ Kg6 39. Qg8+ Kf6 40. Qh8+ Kg6 41. Qc3 Qe4+ 42. Kh2 Qe2 43. Kg2 Qe4+
44. Kh2 Qe2 1/2-1/2

[Event "Bunratty Classic 2015"]
[Site "Bunratty IRL"]
[Date "2015.02.19"]
[Round "3.1"]
[White "Thorfinnsson, Bjorn"]
[Black "Collins, Sam"]
[Result "1-0"]
[WhiteTitle "IM"]
[BlackTitle "IM"]
[WhiteElo "2373"]
[BlackElo "2488"]
[BlackICU "2477"]
[BlackClub "Gonzaga"]
[WhiteNationality "ISL"]
[BlackNationality "IRL"]
[WhiteFideId "2300982"]
[BlackFideId "2501198"]
[BlackICUId "4564"]
[PlyCount "95"]
[FIDETournamentId "105401"]
[EventDate "2015.02.18"]
[Source "Live boards"]
[WhiteFullName "&#222;orfinnsson, Bj&ouml;rn"]

{ Source: Live boards. } { Reference: <a
href="http://www.irlchess.com/bunrattyclassic2015_allfiles/pairings_bunrattyclassic2015.html">Tournament
report</a>. }

1. Nf3 Nf6 2. g3 g6 3. Bg2 Bg7 4. O-O O-O 5. c4 d6 6. d4 c6 7. Nc3 Qa5 8.
e4 e5 9. dxe5 dxe5 10. a3 Bg4 11. h3 Rd8 12. Qc2 Bxf3 13. Bxf3 Nbd7 14. b4
Qc7 15. Bb2 Nf8 16. Rfd1 Ne6 17. Ne2 a5 18. Rxd8+ Rxd8 19. Rd1 Rxd1+ 20.
Qxd1 axb4 21. axb4 Ng5 22. Bg2 Ngxe4 23. c5 Ng5 24. Qa1 Nd7 25. Nc3 Bf8 26.
h4 Ne6 27. Ne4 Be7 28. Nd2 f6 29. Nc4 Ndf8 30. Bh3 Qd8 31. Bf1 Nd4 32. Bxd4
exd4 33. Qa7 Qd7 34. Nb6 Qc7 35. Ba6 Qe5 36. Bc4+ Kh8 37. Qxb7 Qe1+ 38. Kg2
Qe4+ 39. Kh2 Qe1 40. Qxc6 Qxf2+ 41. Qg2 Qe1 42. Nc8 Qe5 43. Qb7 Qf5 44.
Qxe7 Qf2+ 45. Kh3 Qf5+ 46. Kg2 Nd7 47. Nd6 Qc2+ 48. Kh3 1-0

[Event "Bunratty Classic 2015"]
[Site "Bunratty IRL"]
[Date "2015.02.19"]
[Round "3.2"]
[White "Hunt, Adam"]
[Black "Williams, Simon"]
[Result "1/2-1/2"]
[WhiteTitle "IM"]
[BlackTitle "GM"]
[WhiteElo "2428"]
[BlackElo "2434"]
[WhiteNationality "ENG"]
[BlackNationality "ENG"]
[WhiteFideId "403970"]
[BlackFideId "404454"]
[PlyCount "108"]
[FIDETournamentId "105401"]
[EventDate "2015.02.18"]
[Source "Live boards"]

{ Source: Live boards. } { Reference: <a
href="http://www.irlchess.com/bunrattyclassic2015_allfiles/pairings_bunrattyclassic2015.html">Tournament
report</a>. }

1. e4 e6 2. d4 d5 3. Nc3 Nf6 4. Bg5 dxe4 5. Nxe4 Be7 6. Bxf6 gxf6 7. Nf3 a6
8. Qd2 b5 9. O-O-O f5 10. Ng3 Bb7 11. Kb1 h5 12. h4 Bd5 13. Ne5 Nd7 14.
Nxd7 Qxd7 15. Ne2 O-O-O 16. Nc1 c5 17. Qa5 Bb7 18. a4 Qc7 19. Qxc7+ Kxc7
20. axb5 axb5 21. Bxb5 cxd4 22. f3 Rhg8 23. Rd2 Bb4 24. Re2 Bd5 25. Ba4 Bc4
26. Nd3 Bd6 27. Bb3 Bb5 28. Rd2 Rg3 29. Rhd1 Rdg8 30. Ne1 Bc5 31. c3 dxc3
32. Rc2 Kb6 33. bxc3 Rb8 34. Nd3 Rd8 35. c4 Bc6 36. Rcd2 Be3 37. Re2 f4 38.
Nb4 Rxd1+ 39. Bxd1 Bb7 40. Nc2 Bc5 41. Ne1 Be3 42. Nc2 Kc5 43. Nxe3 fxe3
44. Rxe3 Rxg2 45. f4 Kd4 46. Re1 Be4+ 47. Kc1 Ra2 48. Bb3 Rh2 49. c5 Rxh4
50. Ba4 Rh3 51. Kb2 Rh2+ 52. Ka3 Bc2 53. Rc1 Bxa4 54. Kxa4 Ra2+ 1/2-1/2

[Event "Bunratty Classic 2015"]
[Site "Bunratty IRL"]
[Date "2015.02.19"]
[Round "3.3"]
[White "Galego, Luis"]
[Black "D'Costa, Lorin"]
[Result "1/2-1/2"]
[WhiteTitle "GM"]
[BlackTitle "IM"]
[WhiteElo "2461"]
[BlackElo "2430"]
[WhiteNationality "POR"]
[BlackNationality "ENG"]
[WhiteFideId "1900072"]
[BlackFideId "409219"]
[PlyCount "55"]
[FIDETournamentId "105401"]
[EventDate "2015.02.18"]
[Source "Live boards"]
[WhiteFullName "Galego, Lu&iacute;s"]

{ Source: Live boards. } { Reference: <a
href="http://www.irlchess.com/bunrattyclassic2015_allfiles/pairings_bunrattyclassic2015.html">Tournament
report</a>. }

1. e4 c6 2. Nc3 d5 3. Qf3 dxe4 4. Nxe4 Nd7 5. Ne2 Ngf6 6. N2c3 g6 7. Qe3
Qc7 8. Bc4 Bg7 9. Ng5 Ne5 10. Bb3 h6 11. Nge4 Nxe4 12. Nxe4 f5 13. Nc3 f4
14. Qe4 Bf5 15. Qe2 Rf8 16. f3 O-O-O 17. Ne4 c5 18. d3 Nc6 19. c3 Ne5 20.
Bc2 g5 21. Bd2 Kb8 22. O-O-O c4 23. dxc4 Nxc4 24. Kb1 Rd5 25. Bc1 e6 26.
Rhe1 Rfd8 27. Bb3 b5 28. Ka1 1/2-1/2

[Event "Bunratty Classic 2015"]
[Site "Bunratty IRL"]
[Date "2015.02.19"]
[Round "3.4"]
[White "Maze, Sebastien"]
[Black "Thorfinnsson, Bragi"]
[Result "1-0"]
[WhiteTitle "GM"]
[BlackTitle "IM"]
[WhiteElo "2585"]
[BlackElo "2432"]
[WhiteNationality "FRA"]
[BlackNationality "ISL"]
[WhiteFideId "613762"]
[BlackFideId "2300958"]
[PlyCount "77"]
[FIDETournamentId "105401"]
[EventDate "2015.02.18"]
[Source "Live boards"]
[WhiteFullName "Maz&eacute;, S&eacute;bastien"]
[BlackFullName "&#222;orfinnsson, Bragi"]

{ Source: Live boards. } { Reference: <a
href="http://www.irlchess.com/bunrattyclassic2015_allfiles/pairings_bunrattyclassic2015.html">Tournament
report</a>. }

1. e4 e5 2. Nf3 Nc6 3. Bb5 g6 4. c3 Nge7 5. d4 exd4 6. cxd4 a6 7. Ba4 b5 8.
Bb3 Bg7 9. d5 Na5 10. Bd2 c5 11. d6 Nec6 12. Bc3 Bxc3+ 13. Nxc3 O-O 14. O-O
c4 15. Bc2 Qf6 16. Qd2 Bb7 17. Rad1 Ne5 18. Nxe5 Qxe5 19. f4 Qc5+ 20. Kh1
Bc6 21. e5 f5 22. a3 Nb7 23. b4 Qa7 24. Nd5 Nd8 25. Ne7+ Kf7 26. Nxc6 dxc6
27. g4 Qd7 28. Qg2 Ra7 29. gxf5 gxf5 30. Qg5 Ke8 31. Rg1 Ne6 32. Bxf5 Nxg5
33. Bxd7+ Kxd7 34. Rxg5 Ke6 35. Rh5 c3 36. Rh6+ Kf5 37. e6 Rg7 38. e7 Rfg8
39. Rh5+ 1-0

[Event "Bunratty Classic 2015"]
[Site "Bunratty IRL"]
[Date "2015.02.19"]
[Round "3.5"]
[White "Trent, Lawrence"]
[Black "Tan, Justin"]
[Result "1/2-1/2"]
[WhiteTitle "IM"]
[BlackTitle "FM"]
[WhiteElo "2470"]
[BlackElo "2383"]
[WhiteNationality "ENG"]
[BlackNationality "AUS"]
[WhiteFideId "408638"]
[BlackFideId "3206882"]
[PlyCount "58"]
[FIDETournamentId "105401"]
[EventDate "2015.02.18"]
[Source "Live boards"]

{ Source: Live boards. } { Reference: <a
href="http://www.irlchess.com/bunrattyclassic2015_allfiles/pairings_bunrattyclassic2015.html">Tournament
report</a>. }

1. e4 e5 2. Nf3 Nc6 3. Bb5 a6 4. Ba4 Nf6 5. O-O Be7 6. Re1 b5 7. Bb3 d6 8.
c3 O-O 9. d4 Bg4 10. Be3 Bh5 11. h3 exd4 12. cxd4 Na5 13. Bc2 Nc4 14. Bc1
d5 15. e5 Ne4 16. Nc3 Nxc3 17. bxc3 Rb8 18. Rb1 Na3 19. Bxa3 Bxa3 20. g4
Bg6 21. Bxg6 fxg6 22. Kg2 Be7 23. Qd3 Qc8 24. a4 c6 25. e6 bxa4 26. Rxb8
Qxb8 27. Ne5 Qb5 28. Rb1 Qxd3 29. Nxd3 a3 1/2-1/2

[Event "Bunratty Classic 2015"]
[Site "Bunratty IRL"]
[Date "2015.02.20"]
[Round "4.1"]
[White "Trent, Lawrence"]
[Black "Thorfinnsson, Bjorn"]
[Result "0-1"]
[WhiteTitle "IM"]
[BlackTitle "IM"]
[WhiteElo "2470"]
[BlackElo "2373"]
[WhiteNationality "ENG"]
[BlackNationality "ISL"]
[WhiteFideId "408638"]
[BlackFideId "2300982"]
[PlyCount "96"]
[FIDETournamentId "105401"]
[EventDate "2015.02.18"]
[Source "Live boards"]
[BlackFullName "&#222;orfinnsson, Bj&ouml;rn"]

{ Source: Live boards. } { Reference: <a
href="http://www.irlchess.com/bunrattyclassic2015_allfiles/pairings_bunrattyclassic2015.html">Tournament
report</a>. }

1. e4 e5 2. Nf3 Nc6 3. Bb5 Nge7 4. Nc3 d6 5. d4 a6 6. Be2 exd4 7. Nxd4 Nxd4
8. Qxd4 Nc6 9. Qd3 Be7 10. Bf4 Be6 11. O-O-O Bf6 12. Nd5 Bxd5 13. Qxd5
Bxb2+ 14. Kxb2 Qf6+ 15. e5 Qxf4 16. exd6 O-O 17. d7 Rad8 18. Rhe1 Nb8 19.
Qd4 Qxd4+ 20. Rxd4 Rxd7 21. Rxd7 Nxd7 22. Bc4 Nb6 23. Bb3 Nc8 24. c4 Rd8
25. c5 Kf8 26. Kc3 Ne7 27. Re4 f6 28. Re2 Nc6 29. Re4 Re8 30. Bd5 Nd8 31.
Kb4 f5 32. Rxe8+ Kxe8 33. f4 Ke7 34. a4 h6 35. h4 b6 36. g3 Ne6 37. cxb6
cxb6 38. Bb7 Nc7 39. h5 Kd6 40. Bc8 Nd5+ 41. Kb3 Nf6 42. Bxa6 Nxh5 43. Kc3
Nxg3 44. Kd4 Nh5 45. Ke3 Nf6 46. Bc8 g6 47. Ba6 Nd5+ 48. Kf3 Nc3 0-1

[Event "Bunratty Classic 2015"]
[Site "Bunratty IRL"]
[Date "2015.02.20"]
[Round "4.2"]
[White "Tan, Justin"]
[Black "Maze, Sebastien"]
[Result "1/2-1/2"]
[WhiteTitle "FM"]
[BlackTitle "GM"]
[WhiteElo "2383"]
[BlackElo "2585"]
[WhiteNationality "AUS"]
[BlackNationality "FRA"]
[WhiteFideId "3206882"]
[BlackFideId "613762"]
[PlyCount "65"]
[FIDETournamentId "105401"]
[EventDate "2015.02.18"]
[Source "Live boards"]
[BlackFullName "Maz&eacute;, S&eacute;bastien"]

{ Source: Live boards. } { Reference: <a
href="http://www.irlchess.com/bunrattyclassic2015_allfiles/pairings_bunrattyclassic2015.html">Tournament
report</a>. }

1. e4 c5 2. Nf3 a6 3. c3 d5 4. exd5 Qxd5 5. d4 Nf6 6. Be3 cxd4 7. cxd4 e6
8. Nc3 Qd6 9. Bd3 Be7 10. O-O O-O 11. Rc1 Nc6 12. Ne4 Nxe4 13. Bxe4 Nb4 14.
Qb3 f5 15. Bb1 b5 16. Rfe1 Nd5 17. Bd2 Bf6 18. a3 Bb7 19. Re2 Rfe8 20. Rce1
Qc6 21. h4 Rac8 22. Qd3 h6 23. h5 Kf7 24. Rc1 Qd6 25. Rxc8 Rxc8 26. Ne5+
Bxe5 27. dxe5 Qc6 28. Qg3 Ne7 29. Kh2 Rd8 30. Bb4 Rd1 31. f3 Qc4 32. Bxe7
Qxe2 33. Bc5 1/2-1/2

[Event "Bunratty Classic 2015"]
[Site "Bunratty IRL"]
[Date "2015.02.20"]
[Round "4.4"]
[White "D'Costa, Lorin"]
[Black "Hunt, Adam"]
[Result "1-0"]
[WhiteTitle "IM"]
[BlackTitle "IM"]
[WhiteElo "2430"]
[BlackElo "2428"]
[WhiteNationality "ENG"]
[BlackNationality "ENG"]
[WhiteFideId "409219"]
[BlackFideId "403970"]
[PlyCount "81"]
[FIDETournamentId "105401"]
[EventDate "2015.02.18"]
[Source "Live boards"]

{ Source: Live boards. } { Reference: <a
href="http://www.irlchess.com/bunrattyclassic2015_allfiles/pairings_bunrattyclassic2015.html">Tournament
report</a>. }

1. d4 Nf6 2. c4 g6 3. Nc3 d5 4. Bf4 Bg7 5. e3 O-O 6. Rc1 dxc4 7. Bxc4 c5 8.
dxc5 Qa5 9. Nf3 Qxc5 10. Bb3 Qa5 11. O-O Nc6 12. h3 Bf5 13. Qe2 e5 14. Bg3
Rad8 15. e4 Bc8 16. Bh4 Rde8 17. Rfd1 Nh5 18. Bg5 h6 19. Be3 Nf4 20. Qd2
Rd8 21. Nd5 Qxd2 22. Rxd2 g5 23. Ba4 Bd7 24. Bxc6 Bxc6 25. Ne7+ Kh7 26.
Rxd8 Rxd8 27. Nxc6 bxc6 28. Rxc6 Nd3 29. Rc7 Kg6 30. b3 a6 31. Rc6+ f6 32.
Rxa6 Bf8 33. Ra5 Nb4 34. a4 Rd1+ 35. Kh2 Rd3 36. Rb5 Rxb3 37. Bd2 Rb2 38.
a5 Nd3 39. Rxb2 Nxb2 40. Be3 Nc4 41. a6 1-0